000
00230nam a2200109Ia 4500
100
_a
#N/A
942
_c
BK
654
_a
net framework version 2.0
245
_a
Net Framework Version 2.0
260
_b
#N/A
_c
2004
546
_a
ENGLISH
999
_c
34339
_d
34339